00675nam a2200205Ia 4500952012900000999001700129003000400146005001700150008004100167020001800208040000900226082001700235100003100252245007300283250001300356260003900369300000900408650001200417942004000429 00102ddc40708ESSAYaMESbMEScENGd2019-02-20g550.00l0o820.9 DOD/Cp31986r2019-02-20 00:00:00w2019-02-20yBKzGR9R4 c14347d14347OSt20201016120120.0190216s9999||||xx |||||||||||||| ||und|| a9788176257275 coclc a820.9bDOD/C aDodiya, Jaydipsinh K95327 0aCritical Essays On Indian Writing In English /cJaydipsinh K Dodiya  a1st Edi. bSarup & Sons , aNew Delhi:c2006. a204p aEnglish cBK2ddch820.9iDOD/Ck820.9mDOD/C